The sorrowful maiden's garland, containing three choice new songs. I. The sorrowful maiden's complaint for the want of a sweetheart. ... 3. The Windsor wedding.

Bibliographic Details
Format: eBook
Language:English
Published: [Newcastle upon Tyne?], [publisher not identified] ; [1760?]
Series:Eighteenth century collections online.
Online Access:Full text online

MARC

Tag First Indicator Second Indicator Subfields
LEADER 00000cam a2200000 4500
001 in00001925995
006 m | d |
007 cr |n||||||||n
008 820210s1760 enk|||| s 00| ||eng d
005 20260414165825.1
035 |a (CStRLIN)ESTCT49532 
040 |a Uk-ES  |c Uk-ES  |d CStRLIN  |d Thomson Gale  |d UtOrBLW 
245 0 4 |a The sorrowful maiden's garland, containing three choice new songs. I. The sorrowful maiden's complaint for the want of a sweetheart. ... 3. The Windsor wedding. 
264 1 |a [Newcastle upon Tyne?],  |b [publisher not identified] ;  |c [1760?] 
300 |a 8p. ;  |c 12⁰. 
336 |a text  |b txt  |2 rdacontent 
337 |a computer  |b c  |2 rdamedia 
338 |a online resource  |b cr  |2 rdacarrier 
500 |a Reproduction of original from the British Library. 
510 4 |a English Short Title Catalog,  |c ESTCT49532. 
533 |a Electronic reproduction.  |b Farmington Hills, Mich. :  |c Thomson Gale,  |d 2003.  |n Available via the World Wide Web.  |n Access limited by licensing agreements  |7 s2003 miunns 
500 |a Electronic resource. 
830 0 |a Eighteenth century collections online. 
856 4 0 |u http://proxy.library.tamu.edu/login?url=https://galenet.galegroup.com/servlet/ECCO?c=1&stp=Author&ste=11&af=BN&ae=T049532&tiPG=1&dd=0&dc=flc&docNum=CW111066314&vrsn=1.0&srchtp=a&d4=0.33&n=10&SU=0LRK&locID=txshracd2898  |z Full text online  |t 0 
999 |a MARS 
999 f f |s 3e297ebd-0dc3-35f4-90f4-8ab0b5068d1e  |i 9038607e-c941-360f-9744-7a297ef4d5b4  |t 0 
952 f f |a Texas A&M University  |b College Station  |c Electronic Resources  |s www_evans  |d Available Online  |t 0  |h No information provided 
998 f f |t 0  |l Available Online